| 000 | 00618nam a22002297a 4500 | ||
|---|---|---|---|
| 001 | 00028908 | ||
| 005 | 20260425105743.0 | ||
| 008 | 260425b ag ||||| |||| 00| 0 spa d | ||
| 020 | _a8441306710 | ||
| 040 |
_aAR-CcCEOS _bspa _cAR-CcCEOS |
||
| 041 | _aspa | ||
| 080 | _a94:7(5/6) | ||
| 090 | _bSTE v.2 | ||
| 100 | 1 |
_aStewart, Desmond, _d1935- _91133 |
|
| 245 |
_aEl antiguo Islam : _bVolumen II / _cDesmond Stewart |
||
| 264 |
_aBarcelona : _bFolio, _c1997. |
||
| 300 |
_a183 p. ; _c24x18 cm. |
||
| 490 | _vAtlas culturales del mundo | ||
| 650 | 0 |
_ahistoria _990 |
|
| 655 | 0 |
_aarte _9138 |
|
| 942 |
_2udc _cBK _n0 |
||
| 999 |
_c28960 _d28960 |
||